<?xml version="1.0" encoding="UTF-8"?>
<record
    xmlns:xsi="http://www.w3.org/2001/XMLSchema-instance"
    xsi:schemaLocation="http://www.loc.gov/MARC21/slim http://www.loc.gov/standards/marcxml/schema/MARC21slim.xsd"
    xmlns="http://www.loc.gov/MARC21/slim">

  <leader>03864nam a2200373   4500</leader>
  <controlfield tag="001">30046</controlfield>
  <controlfield tag="003">Biblioteca APEC</controlfield>
  <controlfield tag="005">20251015143200.0</controlfield>
  <controlfield tag="008">000000t2010    dr ||||| |||| 00| 0 spa d</controlfield>
  <datafield tag="040" ind1=" " ind2=" ">
    <subfield code="c">Biblioteca UNAPEC</subfield>
    <subfield code="a">Biblioteca UNAPEC</subfield>
    <subfield code="b">spa</subfield>
    <subfield code="e">rda</subfield>
  </datafield>
  <datafield tag="041" ind1=" " ind2=" ">
    <subfield code="a">spa</subfield>
  </datafield>
  <datafield tag="072" ind1=" " ind2=" ">
    <subfield code="a">Facultad de Humanidades</subfield>
  </datafield>
  <datafield tag="082" ind1=" " ind2=" ">
    <subfield code="a">TPG EMM-03 2010</subfield>
  </datafield>
  <datafield tag="100" ind1=" " ind2=" ">
    <subfield code="a">Rosario, Ofelia del Carmen</subfield>
    <subfield code="9">73666</subfield>
  </datafield>
  <datafield tag="245" ind1=" " ind2=" ">
    <subfield code="a">Editando Estrategia metodol&#xF3;gica para la ense&#xF1;anza probl&#xE9;mica de la Matem&#xE1;tica de Nivel Medio en la Educaci&#xF3;n T&#xE9;cnico y Profesional/</subfield>
    <subfield code="c">Por :  Ofelia del Carmen Rosario</subfield>
  </datafield>
  <datafield tag="260" ind1=" " ind2=" ">
    <subfield code="a">Santo Domingo :</subfield>
    <subfield code="b">Universidad UNAPEC-Universidad de Camag&#xFC;ey,</subfield>
    <subfield code="c">2010</subfield>
  </datafield>
  <datafield tag="300" ind1=" " ind2=" ">
    <subfield code="a">70 h</subfield>
  </datafield>
  <datafield tag="336" ind1=" " ind2=" ">
    <subfield code="a">Texto</subfield>
    <subfield code="b">txt</subfield>
    <subfield code="2">rdacontent</subfield>
  </datafield>
  <datafield tag="337" ind1=" " ind2=" ">
    <subfield code="a">sin mediaci&#xF3;n</subfield>
    <subfield code="b">n</subfield>
    <subfield code="2">rdamedia</subfield>
  </datafield>
  <datafield tag="338" ind1=" " ind2=" ">
    <subfield code="a">volumen</subfield>
    <subfield code="b">nc</subfield>
    <subfield code="2">rdacarrier</subfield>
  </datafield>
  <datafield tag="500" ind1=" " ind2=" ">
    <subfield code="a">CAMPUS I, Incluye CD ROM</subfield>
  </datafield>
  <datafield tag="500" ind1=" " ind2=" ">
    <subfield code="a">Tesis en Formato PDF.

</subfield>
  </datafield>
  <datafield tag="500" ind1=" " ind2=" ">
    <subfield code="a">Tesis en Formato Electr&#xF3;nico.
</subfield>
  </datafield>
  <datafield tag="500" ind1=" " ind2=" ">
    <subfield code="a">Tesis en Formato Digital.</subfield>
  </datafield>
  <datafield tag="502" ind1=" " ind2=" ">
    <subfield code="a">(Tesis para el M&#xE1;ster en Ciencias de la Educaci&#xF3;n, menci&#xF3;n Ense&#xF1;anza Matem&#xE1;tica Media y Superior, 2010. Universidad APEC)</subfield>
  </datafield>
  <datafield tag="505" ind1=" " ind2=" ">
    <subfield code="a">LA ENSE&#xD1;ANZA PROBLEMICA Y LOS METODOS PROBLEMICOS PROFESIONALES EN EL PROCESO DOCENTE EDUCATIVO DE LA MATEMATICA DE LA EDUCACION TECNICA Y PROFESIONAL
-La ense&#xF1;anza de la matem&#xE1;tica del nivel medio de la educaci&#xF3;n t&#xE9;cnica y profesional en la RD
-La ense&#xF1;anza probl&#xE9;mica y los m&#xE9;todos probl&#xE9;micos profesionales de la matem&#xE1;tica en la educaci&#xF3;n t&#xE9;cnica profesional
-Implicaciones de la ense&#xF1;anza probl&#xE9;mica para la asimilaci&#xF3;n productiva de los conocimientos por los estudiantes
-Diagn&#xF3;stico de la metodolog&#xED;a de la ense&#xF1;anza de la matem&#xE1;tica en el nivel medio de la educaci&#xF3;n t&#xE9;cnica y profesional
ESTRATEGIA METODOLOGICA PARA LA UTILIZACION DE LOS METODOS PROBLEMICOS PROFESIONALES EN EL PROCESO DOCENTE-EDUCATIVO
DE LA MATEMATICA DE LA EDUCACION TECNICA Y PROFESIONAL
-Fundamentos te&#xF3;ricos de la estrategia metodol&#xF3;gica
-Estrategia metodol&#xF3;gica para la utilizaci&#xF3;n de los m&#xE9;todos probl&#xE9;micos profesionales en el proceso docente-educativo de la matem&#xE1;tica
-Valoraci&#xF3;n de la factibilidad te&#xF3;rica de la estrategia
CONCLUSIONES
RECOMENDACIONES</subfield>
  </datafield>
  <datafield tag="520" ind1=" " ind2=" ">
    <subfield code="a">Resumen: La investigaci&#xF3;n parte de las insuficiencias que presentan los alumnos para la resoluci&#xF3;n de problemas a un nivel productiva y tiene como objetivo dise&#xF1;ar una estrategia metodol&#xF3;gica para la aplicaci&#xF3;n de los m&#xE9;todos probl&#xE9;micos profesionales en el proceso docente-educativo de la Matem&#xE1;tica del t&#xE9;cnico en electricidad del Instituto Polit&#xE9;cnico Profesor Sim&#xF3;n Orozco, como v&#xED;a para favorecer la resoluci&#xF3;n de problemas a un nivel productivo. La estrategia se fundamenta en las condiciones psicopedag&#xF3;gicas de docentes y alumnos, para la utilizaci&#xF3;n de los m&#xE9;todos probl&#xE9;micos y en la comunicaci&#xF3;n entre ambos sujetos. Se asume el concepto de m&#xE9;todos probl&#xE9;micos profesionales que se aporta en el modelo te&#xF3;rico sobre la ense&#xF1;anza probl&#xE9;mica profesional de A. L. Ortiz Oca&#xF1;a, que caracteriza la ense&#xF1;anza probl&#xE9;mica desde una dimensi&#xF3;n t&#xE9;cnico-profesional. Los resultados de la investigacion se concretan en la estrategia propuesta y en una colecci&#xF3;n de tareas docentes, del tema sistema de ecuaciones lineales, contentivas de problemas matem&#xE1;ticos relacionados con la carrera t&#xE9;cnico en electricidad de escuelas polit&#xE9;cnicas del nivel medio</subfield>
  </datafield>
  <datafield tag="650" ind1=" " ind2=" ">
    <subfield code="a">Matem&#xE1;ticas</subfield>
    <subfield code="z">-Ense&#xF1;anza</subfield>
    <subfield code="z">Pedagog&#xED;a</subfield>
    <subfield code="z">Universidad APEC</subfield>
    <subfield code="z">-Tesis</subfield>
    <subfield code="z">Universidad de Camag&#xFC;ey</subfield>
    <subfield code="z">-Tesis</subfield>
    <subfield code="9">71672</subfield>
  </datafield>
  <datafield tag="700" ind1=" " ind2=" ">
    <subfield code="e">asesor</subfield>
    <subfield code="a">Colunga Santos, Silvia</subfield>
  </datafield>
  <datafield tag="700" ind1=" " ind2=" ">
    <subfield code="e">autor</subfield>
    <subfield code="a">Rosario, Ofelia del Carmen</subfield>
  </datafield>
  <datafield tag="700" ind1=" " ind2=" ">
    <subfield code="e">asesor</subfield>
    <subfield code="a">P&#xE9;rez Gonz&#xE1;lez, Olga Lidia</subfield>
  </datafield>
  <datafield tag="856" ind1=" " ind2=" ">
    <subfield code="u">https://bibliotecaunapec.blob.core.windows.net/tesis/TPG_CI_EMM_03_2010_AV1328.pdf</subfield>
    <subfield code="y">Hacer clic para ver el PDF. Trabajo de posgrado.</subfield>
  </datafield>
  <datafield tag="942" ind1=" " ind2=" ">
    <subfield code="2">ddc</subfield>
    <subfield code="c">TES</subfield>
  </datafield>
  <datafield tag="999" ind1=" " ind2=" ">
    <subfield code="c">14394</subfield>
    <subfield code="d">14394</subfield>
  </datafield>
</record>
